Derecho y naturaleza: coberturas jurídicas de la naturaleza y los desastres naturales

Guardat en:
Dades bibliogràfiques
Autor principal: Ruiz-Tagle Vial, Carlos (Autor)
Format: Llibre
Idioma:espanyol
Publicat: Santiago Legge Ediciones 2018
Edició:1a. ed
Col·lecció:Colección Manuales Jurídicos
Matèries:
Etiquetes: Afegir etiqueta
Sense etiquetes, Sigues el primer a etiquetar aquest registre!

MARC

LEADER 00000cam a2200000 a 4500
001 UCC6836
003 CL-VaPUC
008 190111e20180000cl |||||||||||||||||spa|d
020 |a 9789569970016 
082 0 4 |a 344.83046  |b RUI  |2 21 
100 0 |a Ruiz-Tagle Vial, Carlos  |e author  |9 601359 
245 1 0 |a Derecho y naturaleza: coberturas jurídicas de la naturaleza y los desastres naturales 
250 |a 1a. ed 
300 |a 337 p 
942 |c BK 
945 |d 20190111 14:04:00  |a dcastane 
260 |a Santiago  |b Legge Ediciones  |c 2018 
650 0 |a Derecho ambiental  |z Chile  |9 499116 
650 0 |a Protección del medio ambiente  |9 257626 
583 |a last modification  |c 20190111 14:04:00  |k Rodrigo Vera 
490 0 |a Colección Manuales Jurídicos 
999 |c 373686  |d 373684 
952 |0 0  |1 0  |3 erb  |4 0  |6 344_830460000000000_RUI_2018  |7 0  |8 A  |9 491896  |a BIBDER  |b BIBDER  |i 5528852  |l 1  |o 344.83046 RUI 2018  |p 5528852  |r 2023-01-25  |s 2021-11-16  |w 2019-11-24  |y BK  |z Catalogado en:20190111  |k DER